[Event "Olympiad Women 2024"]
[Site "Budapest HUN"]
[Date "2024.09.19"]
[Round "8.11"]
[Board "4"]
[White "Sibajeva, Marija"]
[Black "Sivanandan, Bodhana"]
[Result "1/2-1/2"]
[WhiteElo "2007"]
[BlackElo "2196"]
[PlyCount "73"]
[EventDate "2024.09.11"]
[WhiteTeam "Lithuania"]
[BlackTeam "England"]
[WhiteTeamCountry "LTU"]
[BlackTeamCountry "ENG"]

1. d4 d5 2. Nf3 Nf6 3. Bg5 Ne4 4. Bf4 c5 5. e3 Nc6 6. c3 cxd4 7. exd4 e6 8. Bd3 Bd6 9. Bxd6 Nxd6 10. O-O O-O 11. Nbd2 Bd7 12. Ne5 $146 ({RR} 12. Re1 b5 {½-½ Josting,F (2018)-Adam,D (2025) Lipperland Seniors op 4th 2005 (6.6)}) 12... Rc8 13. Re1 f5 14. Qe2 Nxe5 15. Qxe5 Qc7 16. Nf3 Nf7 17. Qxc7 Rxc7 18. Ne5 Nxe5 19. Rxe5 g6 20. a4 a6 21. a5 Kf7 22. Ra3 Rfc8 23. Kf1 Kf6 24. Rb3 Bc6 25. f3 h6 26. Rb6 Kf7 27. Kf2 Rd8 28. Ke3 Rdd7 29. Kf2 Rd8 30. Ke3 Rdc8 31. Kd2 Rd8 32. Kc2 Rdc8 33. Kb3 Rd8 34. h3 h5 35. h4 Rd6 36. Ka3 Rd8 37. f4 1/2-1/2

[Event "Olympiad Women 2024"]
[Site "Budapest HUN"]
[Date "2024.09.19"]
[Round "8.12"]
[Board "1"]
[White "Atalik, Ekaterina"]
[Black "Mendoza, Shania Mae"]
[Result "1-0"]
[WhiteElo "2381"]
[BlackElo "2013"]
[PlyCount "199"]
[EventDate "2024.09.11"]
[WhiteTeam "Turkiye"]
[BlackTeam "Philippines"]
[BlackTeamCountry "PHI"]

1. d4 d5 2. c4 e6 3. Nc3 c6 4. e3 Nf6 5. Nf3 Nbd7 6. Qc2 b6 7. Bd3 Bb7 8. O-O Be7 9. Rd1 Qc7 10. b3 Rc8 11. Bb2 O-O 12. Rac1 h6 13. Qe2 Rfe8 14. Ne5 dxc4 15. bxc4 $146 ({RR} 15. Nxc4 Qb8 16. e4 c5 17. e5 cxd4 18. Nb5 Nd5 19. Qe4 g6 20. Ncd6 Rxc1 21. Rxc1 Bg5 22. Nxf7 Ne7 23. Qxd4 Bxc1 24. Bxc1 Rc8 25. Nxh6+ Kg7 26. Bd2 Bd5 27. Qh4 Nc6 28. Nd6 Rh8 29. Ndf7 Ndxe5 {1-0 Le,Q (2703)-Mamedyarov,S (2757) Beijing Sportaccord Basque rapid 2013 (1.2)}) 15... c5 16. Nxd7 Qxd7 17. d5 Kh8 18. e4 e5 19. Bc2 Red8 20. f4 Qg4 21. fxe5 Qxe2 22. Nxe2 Ng4 23. Rf1 Bg5 24. Rxf7 Be3+ 25. Kh1 Bxc1 26. Nxc1 Rf8 27. Rf3 Rxf3 28. gxf3 Ne3 29. Ba4 Rf8 30. e6 Rxf3 31. h3 Rf4 32. e7 Rxe4 33. e8=Q+ Rxe8 34. Bxe8 Nxc4 35. Bc6 Bc8 36. Bc3 Bxh3 37. Nd3 Bf5 38. Ne5 Nd6 39. Kh2 Kh7 40. Be1 Bb1 41. a3 Be4 42. Bg3 Nf5 43. Ba8 b5 44. Ng4 b4 45. axb4 cxb4 46. Nf2 Nxg3 47. Kxg3 Bc2 48. d6 Ba4 49. Nd3 a5 50. Nc5 Bb5 51. d7 Bxd7 52. Nxd7 a4 53. Nc5 a3 54. Bd5 Kg6 55. Nd3 Kf5 56. Nxb4 g5 57. Nc2 h5 58. Nxa3 Kf6 59. Nc4 Kg6 60. Be4+ Kf6 61. Kf3 Kf7 62. Bf5 Kg7 63. Ke4 Kf6 64. Ne5 Kg7 65. Bg6 h4 66. Bf5 Kh6 67. Bg4 Kg7 68. Kf5 Kf8 69. Kf6 Ke8 70. Nf7 Kf8 71. Nxg5 Ke8 72. Nf3 Kd8 73. Nxh4 Kc7 74. Ke5 Kc6 75. Be6 Kc5 76. Nf5 Kc6 77. Kd4 Kb5 78. Bc4+ Kc6 79. Bd5+ Kb5 80. Nd6+ Kb6 81. Kc4 Kc7 82. Kc5 Kd7 83. Nf5 Kc7 84. Be6 Kb7 85. Ne7 Kc7 86. Nc6 Kb7 87. Kd6 Kb6 88. Bc4 Kb7 89. Na5+ Kb6 90. Nb3 Kb7 91. Bd5+ Kb6 92. Bc6 Ka7 93. Kc7 Ka6 94. Ba4 Ka7 95. Bb5 Ka8 96. Nc5 Ka7 97. Nd7 Ka8 98. Nb6+ Ka7 99. Nc8+ Ka8 100. Bc6# 1-0

[Event "Olympiad Women 2024"]
[Site "Budapest HUN"]
[Date "2024.09.19"]
[Round "8.12"]
[Board "2"]
[White "Frayna, Janelle Mae"]
[Black "Yildiz Kadioglu, Betul Cemre"]
[Result "1/2-1/2"]
[WhiteElo "2216"]
[BlackElo "2314"]
[PlyCount "104"]
[EventDate "2024.09.11"]
[WhiteTeam "Philippines"]
[BlackTeam "Turkiye"]
[WhiteTeamCountry "PHI"]

1. c4 c6 2. d4 d5 3. Nf3 Nf6 4. g3 g6 5. Qa4 Nbd7 6. cxd5 Nb6 7. Qb3 cxd5 8. Bg2 Bg7 9. Nc3 O-O 10. O-O Ne4 11. Bf4 Nxc3 $146 ({RR} 11... Bf5 12. Rac1 Rc8 13. Nb5 Nc4 14. Nxa7 Ra8 15. Nb5 Qa5 16. a3 Rfc8 17. Nc3 Nxc3 18. Rxc3 Be4 19. Rfc1 Bxf3 20. Bxf3 Bxd4 21. R3c2 e5 22. Bd2 Qc5 23. e3 Nxd2 24. Rxc5 Nxb3 25. Rxc8+ Rxc8 26. Rxc8+ {1-0 Sovetbekova,N (1764)-Ginzburg,Y (2405) Titled Tue 14th Mar Early 2023 (2)}) 12. Qxc3 Bf5 13. Rac1 Qd7 14. Qb4 Rfc8 15. b3 Qe6 16. Qd2 Rxc1 17. Rxc1 Rc8 18. Rxc8+ Nxc8 19. Nh4 b6 20. Nxf5 gxf5 21. Qc3 Nd6 22. Qc6 Bxd4 23. e3 Bc5 24. Bxd5 Qc8 25. Qxc8+ Nxc8 26. Bb7 Nd6 27. Ba6 f6 28. Bxd6 Bxd6 29. Bc8 f4 30. Be6+ Kg7 31. exf4 Bc5 32. Kg2 a5 33. f3 Bd4 34. h4 h6 35. Kf1 Bc5 36. Ke2 Bd4 37. h5 Bc5 38. Bc4 Bd6 39. Ke3 e5 40. f5 Bc5+ 41. Ke2 Bd6 42. Bd5 Bc5 43. Bc6 Bb4 44. Kd3 Be1 45. g4 Bf2 46. Be4 Bg1 47. Bc6 Bf2 48. Ke4 Bg1 49. f4 exf4 50. Kxf4 Bd4 51. Ke4 Bc3 52. Kd5 Bd2 1/2-1/2

[Event "Olympiad Women 2024"]
[Site "Budapest HUN"]
[Date "2024.09.19"]
[Round "8.12"]
[Board "3"]
[White "Aydin, Gulenay"]
[Black "Canino, Ruelle"]
[Result "1/2-1/2"]
[WhiteElo "2202"]
[BlackElo "2004"]
[PlyCount "133"]
[EventDate "2024.09.11"]
[WhiteTeam "Turkiye"]
[BlackTeam "Philippines"]
[BlackTeamCountry "PHI"]

1. e4 g6 2. d4 Bg7 3. Nf3 d6 4. Bc4 e6 5. O-O a6 6. a4 b6 7. Re1 Nd7 8. c3 Bb7 9. Nbd2 Ne7 10. Nf1 O-O 11. Ng3 d5 $146 ({RR} 11... h6 12. h3 Nf6 13. Bd3 Nc6 14. Nh2 e5 15. d5 Ne7 16. f4 exf4 17. Bxf4 Bc8 18. Qf3 Nd7 19. Ng4 h5 20. Nf2 Ne5 21. Qe3 Kh7 22. Ne2 Ng8 23. Nd4 Bd7 24. Nf3 Qe7 25. Ng5+ Kh8 26. Nf3 {½-½ Tomic,K (2058)-Pantovic,D (2171) Belgrade-chT 2015 (5.2)}) ({RR} 11... c5 12. Bb3 Qc7 13. h4 e5 14. Bg5 Rae8 15. d5 c4 16. Bc2 f6 17. Bd2 Nc5 18. h5 Rf7 19. Be3 Bc8 20. hxg6 hxg6 21. Nf1 Bf8 22. N3d2 b5 23. axb5 axb5 24. b3 cxb3 25. Nxb3 Nxb3 26. Bxb3 {1-0 Tomov,G (2248)-Foisor,C (2351) Vienna op-A 2016 (9)}) ({RR} 11... Nf6 12. Qe2 Qd7 13. h3 Nxe4 14. Nxe4 Bxe4 15. Qxe4 d5 16. Qe2 dxc4 17. Qxc4 b5 18. Qc5 Nd5 19. axb5 axb5 20. Rxa8 Rxa8 21. Ne5 Qe8 22. Qc6 Bxe5 23. Qxe8+ Rxe8 24. dxe5 Ra8 25. Bh6 Ra2 26. Rb1 {½-½ Dlhy,J (2055)-Janko,M (2239) SVK-chT1W 2122 2021 (10.3)}) 12. exd5 Nxd5 13. h4 h6 14. h5 g5 15. Bd3 c5 16. Qe2 cxd4 17. Nxd4 Re8 18. Bd2 Qc7 19. Rad1 Nc5 20. Bc2 Rad8 21. Ne4 Nf4 22. Bxf4 Qxf4 23. Nxc5 bxc5 24. Nb3 Bf8 25. Nd2 Bd5 26. Be4 g4 27. Bxd5 Rxd5 28. Ne4 Rxh5 29. g3 Qf5 30. Qxg4+ Qxg4 31. Nf6+ Kg7 32. Nxg4 Rg5 33. Ne5 Kf6 34. Nd7+ Ke7 35. Ne5 Kf6 36. Nc4 Rb8 37. Kg2 Rd5 38. Rxd5 exd5 39. Ne3 d4 40. cxd4 cxd4 41. Nd5+ Kf5 42. Rd1 Bg7 43. Rd2 Rb3 44. f3 Ke5 45. Nf4 Kd6 46. Nd3 Kd5 47. Kf2 Rb8 48. Rc2 Kd6 49. b4 Bf8 50. Ke2 Kd5 51. Rb2 Kc4 52. Rc2+ Kb3 53. Rc6 Bxb4 54. Nxb4 Rxb4 55. Rxa6 Kc4 56. Rc6+ Kd5 57. Rxh6 Rxa4 58. Rf6 Ra7 59. Kd3 Ra3+ 60. Kd2 Ra2+ 61. Kd3 Ra3+ 62. Kd2 Kc4 63. Rc6+ Kd5 64. Rf6 Kc4 65. Rc6+ Kd5 66. Rf6 Kc4 67. Rc6+ 1/2-1/2

[Event "Olympiad Women 2024"]
[Site "Budapest HUN"]
[Date "2024.09.19"]
[Round "8.12"]
[Board "4"]
[White "Galas, Bernadette"]
[Black "Isgenderova, Hayale"]
[Result "1/2-1/2"]
[WhiteElo "2013"]
[BlackElo "2124"]
[PlyCount "92"]
[EventDate "2024.09.11"]
[WhiteTeam "Philippines"]
[BlackTeam "Turkiye"]
[WhiteTeamCountry "PHI"]

1. e4 {Gelfand,Boris} e6 2. d4 d5 3. Nd2 c5 4. exd5 Qxd5 5. Ngf3 cxd4 6. Bc4 Qd6 7. O-O Nf6 8. Re1 Be7 ({RR} 8... Nc6) 9. Nb3 ({RR} 9. Ne4 Nxe4 10. Rxe4 Nc6 11. Nxd4 O-O ({RR} 11... e5) 12. Bf4 Qc5 13. Nxc6 ({RR} 13. Bd3 Rd8 ({RR} 13... Nb4 14. Nb3) ({RR} 13... Nxd4 14. Rxd4 Bf6 15. Rc4 ({RR} 15. Rd6 Bxb2 16. Rb1 Be5 17. Bxh7+ Kxh7 18. Qh5+ Kg8 19. Qxe5 Qxe5 20. Bxe5 b6) 15... Qd5 16. Qe2 b5 17. Rb4 ({RR} 17. Rc7 Bb7) 17... a6 18. Rd1) ({RR} 13... Bd7 14. Nb5 Nb4 15. Be3 Qc8 16. Rc4 ({RR} 16. Nxa7 Qb8) 16... Qd8 17. Rd4 Nxd3 18. Qxd3 ({RR} 18. Rxd3 Bxb5 19. Rxd8 Rfxd8) 18... Bxb5 19. Qxb5) 14. Nxc6 ({RR} 14. Nb5 a6 15. Nc7 Rb8) 14... Qxc6 15. Qe2 ({RR} 15. Qh5 g6 ({RR} 15... Rd5 16. Re5 g6 17. Qe2 Rxe5 18. Bxe5 Bd7) 16. Qe2 ({RR} 16. Qh6 Bf6 17. Be5 Bxe5 18. Rxe5 b6 19. Rh5 ({RR} 19. Be4 Qd6) 19... Rxd3) 16... Bf6 17. Rc4 ({RR} 17. Be5 Bxe5 18. Rxe5 Qd6) 17... Qb6 18. Rb1 ({RR} 18. Be5 Bxe5 19. Qxe5 Bd7) 18... Qa5 ({RR} 18... e5 19. Bxe5 ({RR} 19. Be3 Qd6 20. Qf3) 19... Bxe5 20. Qxe5 Be6 21. Ra4) 19. Bc7 Qxa2 20. Rd1) 15... Bf6 16. Rc4 Qb6 17. Rb1 ({RR} 17. c3 e5)) ({RR} 13. Nb5 a6 14. Be3 ({RR} 14. Nc7 Rb8) 14... Qf5) 13... Qxc6 14. Bd3 ({RR} 14. Qe2 a6) 14... b5 15. a4 ({RR} 15. c4 b4 16. Rd4 ({RR} 16. Re1 Bb7 17. Be4 Qc8 18. Bxb7 Qxb7) 16... Bb7 17. Be4 Qc8 18. Bxb7 Qxb7 19. Rd7 Qe4 20. Rxe7 Qxf4 21. c5 Qg5) 15... a6 ({RR} 15... bxa4 16. Rexa4 ({RR} 16. Rc4 Qb6) 16... Bb7 17. Be4) 16. Re3 Bb7 ({RR} 16... Rd8) ({RR} 16... f5 17. axb5 axb5 18. Rxa8 Qxa8 19. Bxb5) 17. Be4 Qxe4 ({RR} 17... Qc8 18. Bxh7+ ({RR} 18. Rc3 Bxe4 19. Rxc8 Raxc8) 18... Kxh7 19. Qh5+ Kg8 20. Rh3 f5 ({RR} 20... f6 21. Qh7+ Kf7 22. Rg3 Ke8 ({RR} 22... Rg8 23. Qg6+ Kf8 24. Bh6) 23. Rxg7 Qd7 24. h4) 21. Qh7+ ({RR} 21. Be5 Rf6 ({RR} 21... Bf6 22. Qh7+ Kf7 23. Bxf6 Kxf6 24. Rg3 Rg8)) 21... Kf7 22. Qh5+ Kg8 ({RR} 22... g6 23. Qh7+ Ke8 24. Qxg6+ Kd7 ({RR} 24... Kd8 25. Bg5) 25. Rc3)) ({RR} 17... Qb6 18. a5 Qa7 19. Bxh7+ ({RR} 19. Bd3 Qc5 ({RR} 19... Rad8 20. Qh5 g6 21. Qh6) 20. Qg4 ({RR} 20. Be5 g6) 20... Rad8 21. Be5 g6) 19... Kxh7 20. Rh3+ Kg8 21. Qh5 f5 ({RR} 21... f6 22. Qh7+ Kf7 23. Rg3 Rg8 24. Qg6+ Kf8 25. Bh6 Bd5 26. Bxg7+ Rxg7 27. Qh6) 22. Qh7+ Kf7 23. Qh5+ Kg8 ({RR} 23... g6 24. Qh7+ Ke8 25. Qxg6+ Kd7 26. Rd1+ Bd5 27. Re3)) 18. Rxe4 Bxe4 19. Qe2 Bd5 ({RR} 19... Bg6 20. h4 Rac8 21. h5 ({RR} 21. c3 Rfd8 22. axb5 Bd3 23. Qf3 Bxb5) 21... Bxc2 22. axb5 axb5 23. Qxb5 Rfd8 24. Qb7) ({RR} 19... Bc6 20. axb5 axb5) 20. h4 Rac8 ({RR} 20... b4 21. Rd1 ({RR} 21. Bg5 f6 22. Be3 Rfc8 23. Bd4 Rc4 24. Rd1 Rac8 25. Rd2 b3) 21... Rfd8 ({RR} 21... Bf6 22. Bd6 Rfc8 23. Bxb4 Rc4 24. c3 Rxh4 25. a5 ({RR} 25. f3 a5)) 22. Be5 ({RR} 22. Bc7 Rdc8 ({RR} 22... Rd7 23. Be5) 23. Rxd5 exd5 ({RR} 23... Rxc7) 24. Qxe7 Ra7) 22... Bf8 ({RR} 22... f6 23. Bc7) 23. h5 f6 ({RR} 23... h6 24. Qg4 Rac8 25. Rd3) 24. Bd4 h6 25. c4 bxc3 26. Bxc3) 21. axb5 axb5 22. Bg5 Bd6 ({RR} 22... f6 23. Be3 b4 ({RR} 23... Rf7 24. Ra7) ({RR} 23... Bc5 24. Bxc5 Rxc5 25. Ra7) 24. Ra7 Rf7 25. Qb5) 23. Ra6 Bb8 {½-½ Kasparov,G (2827)-Gelfand,B (2712) Astana 2001 (2)} ({RR} 23... Bc4 24. Qe1 Bc5 25. b4) ({RR} 23... Bc5 24. Qxb5 Bc4 25. Qa4 Bxa6 26. Qxa6 Ra8 ({RR} 26... Bxf2+ 27. Kxf2 Rxc2+ 28. Kf3 Rxb2) 27. Qc6 Rfc8 28. Qd7 Bxf2+ ({RR} 28... h6 29. Bf4 Rd8 30. Qc6 Ra1+ 31. Kh2 Bxf2 32. b4) 29. Kxf2 Rxc2+ 30. Kf3 Rxb2)) 9... Nc6 10. Nbxd4 Nxd4 11. Qxd4 O-O $146 ({RR} 11... Qxd4 12. Nxd4 O-O 13. Bf4 a6 14. a4 Rd8 15. c3 Nd5 16. Bg3 Bf8 17. a5 Bd7 18. Rad1 Rac8 19. Be2 Ba4 20. Ra1 Be8 21. Bg4 Bd7 22. f4 Bc5 23. Rad1 Bc6 24. f5 Nf6 25. Bh3 exf5 26. Bxf5 {½-½ Serdijn Koster,A (2048)-Weiland,H (1935) Leiden SB-ch 2013 (4)}) ({RR} 11... Qxd4 12. Nxd4 O-O 13. Bf4 Bd7 14. Rad1 Rac8 15. Bb3 Rfd8 16. c3 a5 17. a3 Bc5 18. Bg5 b5 19. Bxf6 gxf6 20. Nf3 Bc6 21. Rxd8+ Rxd8 22. Rd1 Rxd1+ 23. Bxd1 Kf8 24. b4 Bb6 25. Be2 axb4 26. axb4 {½-½ Doyle,A (2034)-Murray,B (2096) 103rd ch-IRL 2024 (8.9)}) ({RR} 11... Qxd4 12. Nxd4 a6 13. a4 O-O 14. Bf4 Rd8 15. Rad1 Bd7 16. Bb3 Rac8 17. h3 Be8 18. c3 Nd5 19. Be5 Nb6 20. a5 Nc4 21. Bxc4 Rxc4 22. Nf3 f6 23. Bd4 e5 24. Bb6 Rxd1 25. Rxd1 Kf7 26. Rc1 {1-0 Moe,M (2183)-Andersen,D (1930) Copenhagen Bronshoj op 2015 (3)}) ({RR} 11... Qxd4 12. Nxd4 a6 13. Bf4 O-O 14. Bc7 Bd7 15. Bb3 Rac8 16. Ba5 Bd8 17. Bb4 Re8 18. a4 Bc7 19. Rad1 Rcd8 20. Nf3 Bc6 21. c4 Ng4 22. Nd4 Bxh2+ 23. Kf1 Bc7 24. Nxc6 bxc6 25. Rxd8 Rxd8 26. Rd1 {0-1 Mayr,G-Jauernig,U (2215) Passau op 5th 1997 (2)}) 12. Be3 Qxd4 13. Bxd4 Rd8 14. Rad1 b6 15. Ne5 Bb7 16. c3 Nd5 17. a4 Rac8 18. Bf1 f6 19. Nc4 e5 20. Be3 Bc6 21. Ra1 Nxe3 22. Nxe3 Be8 23. Bb5 Bf7 24. Red1 g6 25. Ba6 Rxd1+ 26. Rxd1 Rd8 27. Rxd8+ Bxd8 28. c4 f5 29. Kf1 Kf8 30. Nd5 Bxd5 31. cxd5 Ke7 32. Bc8 Kd6 33. Be6 h6 34. Ke2 Kc5 35. b3 Be7 36. Bf7 g5 37. Be6 f4 38. Kd3 Kb4 39. f3 Bd6 40. Kc2 a5 41. h3 Bc5 42. Bf5 Be7 43. Be6 Bc5 44. Bf5 Be7 45. Be6 Bc5 46. Bf5 Be7 1/2-1/2

[Event "Olympiad Women 2024"]
[Site "Budapest HUN"]
[Date "2024.09.19"]
[Round "8.13"]
[Board "1"]
[White "Tan, Li Ting"]
[Black "Vo, Thi Kim Phung"]
[Result "0-1"]
[WhiteElo "2037"]
[BlackElo "2320"]
[PlyCount "158"]
[EventDate "2024.09.11"]
[WhiteTeam "Malaysia"]
[BlackTeam "Vietnam"]
[WhiteTeamCountry "MAS"]
[BlackTeamCountry "VIE"]

1. d4 Nf6 2. c4 e6 3. Nc3 d5 4. cxd5 exd5 5. Bg5 c6 6. e3 Be7 7. Bd3 Nbd7 8. Nf3 O-O 9. h3 Ne4 ({RR} 9... Nh5 10. Bf4 Nxf4 11. exf4 Bd6 12. g3 Re8+ 13. Kf1 Qb6 14. Qc2 Nf6 15. Kg2 g6 16. Rad1 Kg7 17. Ne5 Bxe5 18. dxe5 Nd7 19. Na4 Qa5 20. h4 c5 21. h5 c4 22. Be2 b5 23. Nc3 Bb7 24. Bf3 {1-0 Robson,R (2700)-Moldagali,B (2404) Titled Tue 10th Sep Early 2024 (2)}) 10. Bf4 Ndf6 11. Qc2 ({RR} 11. O-O Bf5 12. Qc2 Nxc3 13. Bxf5 Nce4 14. Ng5 Nxg5 15. Bxg5 g6 16. Bd3 Re8 17. b4 a6 18. Rfc1 Rc8 19. Qb3 Nd7 20. Bxe7 Rxe7 21. Rc3 Nf6 22. a4 Qd6 23. b5 axb5 24. axb5 Rec7 25. bxc6 Rxc6 {½-½ Shankland,S (2698)-Xiong,J (2693) ch-USA 2023 Saint Louis USA (11.5)}) 11... Bf5 $146 ({RR} 11... Re8 12. O-O Bd6 13. Be5 Bxe5 14. Nxe5 Bd7 15. b4 Rc8 16. Rfc1 Nxc3 17. Qxc3 Ne4 18. Qc2 b6 19. a4 Qe7 20. a5 Rc7 21. axb6 axb6 22. Ra6 Qxb4 23. Bxe4 dxe4 24. Nxd7 Rxd7 25. Qxc6 Qd6 26. Rxb6 {1-0 Vodak,R (2029)-Urbanova,D (1756) CZE-chT2E 1819 2018 (6.8)}) ({RR} 11... Re8 12. O-O Bf5 13. Rfe1 Bg6 14. Ne5 Bd6 15. Nxg6 hxg6 16. Bxd6 Nxd6 17. Na4 g5 18. f3 Rc8 19. Qf2 g6 20. Nc3 Nh5 21. g4 Ng7 22. Rad1 Ne6 23. Rf1 Qf6 24. Bb1 Rc7 25. f4 gxf4 26. exf4 {0-1 Lopusiewicz,P (2301)-Heberla,B (2562) Wch Rapid Warsaw 2021 (6)}) ({RR} 11... Re8 12. O-O Bf5 13. Ne5 Nxc3 14. Bxf5 Nce4 15. f3 Nd6 16. Bd3 h6 17. Rad1 Qb6 18. g4 Rad8 19. Kh1 Nd7 20. h4 Nxe5 21. dxe5 Nc4 22. Bxc4 dxc4 23. g5 hxg5 24. hxg5 c5 25. Qxc4 Qg6 26. Bh2 {½-½ Van Foreest,L (2583)-Turner,M (2451) Irish New Year GM 2023 (5.2)}) 12. g4 Bg6 13. Ne5 Nxc3 14. Bxg6 Nce4 15. Bxe4 Qa5+ 16. Kf1 Nxe4 17. f3 Nd6 18. Kg2 Rac8 19. Nd3 Rfe8 20. Bxd6 Bxd6 21. Rhe1 Re7 22. a3 Bb8 23. Qf2 Rce8 24. Re2 Qb5 25. Rd1 a5 26. f4 Re4 27. Rdd2 Bd6 28. Qf3 Qb3 29. Kf2 f6 30. Nc1 Qc4 31. Nd3 g5 32. f5 Kg7 33. Kg2 Qb3 34. Nc1 Qc4 35. Nd3 R4e7 36. Re1 Qb3 37. Nc1 Qc4 38. Nd3 h6 39. Ree2 Kf7 40. Re1 a4 41. Ree2 Qb5 42. Kf2 Qa5 43. Rd1 Re4 44. Rde1 Qb5 45. Rd2 Bc7 46. Nc5 Ba5 47. Nxe4 Rxe4 48. Qe2 Qb6 49. Rg1 Bxd2 50. Qxd2 Qc7 51. Rg3 Qb6 52. Qc3 Kg7 53. Rg1 Re8 54. Rh1 h5 55. Rg1 Qc7 56. Rg2 Qe7 57. Qd3 hxg4 58. Rxg4 Qd6 59. Kg2 Qe7 60. Kf3 Rh8 61. h4 Rxh4 62. Rxh4 gxh4 63. Kg4 Qc7 64. Kxh4 Qh2+ 65. Kg4 Qxb2 66. Kf3 Kf8 67. Qd1 Qxa3 68. Qh1 Ke8 69. Qh5+ Kd7 70. Qh8 Qe7 71. Qa8 Qe4+ 72. Ke2 Qc2+ 73. Ke1 Qb3 74. Ke2 a3 75. Qg8 a2 76. Qe6+ Kc7 77. Qe7+ Kb6 78. Qd8+ Kb5 79. Qa8 b6 0-1

[Event "Olympiad Women 2024"]
[Site "Budapest HUN"]
[Date "2024.09.19"]
[Round "8.13"]
[Board "2"]
[White "Luong Phuong Hanh"]
[Black "Azhar, Puteri Munajjah Az-Zahraa"]
[Result "1/2-1/2"]
[WhiteElo "2225"]
[BlackElo "2014"]
[PlyCount "102"]
[EventDate "2024.09.11"]
[WhiteTeam "Vietnam"]
[BlackTeam "Malaysia"]
[WhiteTeamCountry "VIE"]
[BlackTeamCountry "MAS"]

1. Nf3 Nf6 2. d4 e6 3. e3 b6 4. Bd3 Bb7 5. O-O Be7 6. c4 d6 7. Nc3 Nbd7 8. a4 ({RR} 8. e4 e5 9. d5 O-O 10. Bd2 g6 11. b4 Nh5 12. g3 f5 13. Bh6 Ng7 14. h4 Bc8 15. Ng5 Nf6 16. Ne6 Bxe6 17. dxe6 f4 18. Be2 Nxe6 19. Bxf8 Bxf8 20. Bg4 Nxg4 21. Qxg4 Qf6 22. h5 Qf7 {1-0 Vaganian,R (2596)-Novichkov,V (2400) Moscow op-A 2009 (4)}) ({RR} 8. e4 e5 9. d5 a5 10. Be3 O-O 11. Nd2 Ne8 12. a3 Bg5 13. Qe2 g6 14. b4 f5 15. exf5 gxf5 16. Bxg5 Qxg5 17. f4 Qg6 18. fxe5 dxe5 19. Nf3 e4 20. Nxe4 fxe4 21. Bxe4 Qg7 22. Nh4 Nd6 {1-0 Frhat,A (2327)-Kiseleva,S (2174) Titled Tue 6th Feb Early 2024 (2)}) ({RR} 8. e4 e5 9. Bc2 O-O 10. d5 a5 11. b3 Nc5 12. Re1 Bc8 13. Be3 Ng4 14. Bd2 f5 15. exf5 Bxf5 16. Bxf5 Rxf5 17. Nb5 Nd3 18. Re2 Nf4 19. Bxf4 Rxf4 20. h3 Nh6 21. Qd2 Rxf3 22. gxf3 Bg5 {0-1 Luong Phuong Hanh (2214)-Kiseleva,A (1941) Titled Tue 27th Aug Early 2024 (5)}) 8... a5 9. e4 $146 ({RR} 9. Bc2 e5 10. d5 Nc5 11. h3 h6 12. Nh2 O-O 13. f4 Nfd7 14. Nf3 Bf6 15. f5 e4 16. Nxe4 Nxe4 17. Bxe4 Nc5 18. Bc2 Ba6 19. Bd3 Re8 20. Nd4 Bxd4 21. exd4 Nxd3 22. Qxd3 Qf6 23. Bd2 Re7 {1-0 Stefanova,A (2462)-Divya,D (2305) Speed Chess (Women) Q1 blitz 2020 (5)}) 9... e5 10. Nd5 c6 11. Ne3 g6 12. d5 Nc5 13. dxc6 Bxc6 14. Nd5 Nfxe4 15. Bxe4 Nxe4 16. Bh6 f6 17. Nd2 Nc5 18. f4 Bxd5 19. cxd5 Bf8 20. Bxf8 Rxf8 21. Nc4 Rb8 22. Qe2 Rb7 23. b4 axb4 24. a5 b5 25. Nb6 Rxb6 26. axb6 Qxb6 27. Kh1 Ke7 28. fxe5 dxe5 29. d6+ Kxd6 30. Qd2+ Ke6 31. Qxb4 f5 32. Rac1 Rc8 33. Rc2 Rc7 34. h3 Ne4 35. Qb3+ Kf6 36. Rfc1 Rxc2 37. Rxc2 Qd4 38. Rc7 Nf2+ 39. Kh2 Qf4+ 40. Kg1 Qd4 41. Qf7+ Kg5 42. Qe7+ Kf4 43. Kh2 Ke3 44. Rd7 Qc3 45. Rd5 Nd3 46. Qa7+ Kf4 47. Qxh7 g5 48. Rxb5 Qe1 49. Rb3 Qg3+ 50. Kg1 Qe1+ 51. Kh2 Qg3+ 1/2-1/2

[Event "Olympiad Women 2024"]
[Site "Budapest HUN"]
[Date "2024.09.19"]
[Round "8.13"]
[Board "3"]
[White "Azhar, Puteri Rifqah Fahada"]
[Black "Bach Ngoc Thuy Duong"]
[Result "0-1"]
[WhiteElo "1947"]
[BlackElo "2214"]
[PlyCount "72"]
[EventDate "2024.09.11"]
[WhiteTeam "Malaysia"]
[BlackTeam "Vietnam"]
[WhiteTeamCountry "MAS"]
[BlackTeamCountry "VIE"]

1. e4 c5 2. c3 Nf6 3. e5 Nd5 4. d4 cxd4 5. cxd4 d6 6. Bc4 Nb6 7. Bb3 dxe5 8. dxe5 Qxd1+ 9. Bxd1 Nc6 10. f4 Bf5 11. Ne2 ({RR} 11. Nc3 e6 12. Nf3 Be7 13. b3 Bb4 14. Bd2 O-O-O 15. Nb5 Be7 16. Rc1 Kb8 17. Bc3 a6 18. Nd6 Bxd6 19. exd6 f6 20. Be2 Rxd6 21. Kf2 Nd5 22. Bd2 Rhd8 23. h3 h6 24. g4 Be4 25. Rhe1 Ndb4 {0-1 Bryakin,M (2473)-Shuvalova,P (2504) Titled Tuesday intern op 08th Mar Late blitz 2022 (8)}) 11... e6 12. a3 $146 ({RR} 12. O-O Nb4 13. a3 Nd3 14. Bc2 Bc5+ 15. Kh1 Nf2+ 16. Rxf2 Bxf2 17. Bxf5 exf5 18. b4 Rd8 19. Nbc3 Nc4 20. g3 a6 21. Ra2 O-O {0-1 Luber,R (1875)-Levin,F (2490) Berliner Sommer 13th 1995 (2)}) 12... a5 13. Nbc3 Bc5 14. Ng3 Ke7 15. Nce4 Bxe4 16. Nxe4 Bd4 17. Rb1 f6 18. exf6+ gxf6 19. Ke2 Nd5 20. Bb3 Rhd8 21. Bxd5 Rxd5 22. Rd1 Rad8 23. Bd2 h6 24. Nc3 Rh5 25. h3 Rg8 26. Kf1 Ba7 27. Re1 Rg3 28. Ne4 Rb3 29. Bc3 Bd4 30. Bxd4 Nxd4 31. Nc3 Rc5 32. a4 Rb4 33. g3 Nf5 34. Kf2 Nd6 35. Rec1 Rc6 36. b3 Rxc3 0-1

[Event "Olympiad Women 2024"]
[Site "Budapest HUN"]
[Date "2024.09.19"]
[Round "8.13"]
[Board "4"]
[White "Le Thanh Tu"]
[Black "Nithyalakshmi, Sivanesan"]
[Result "1-0"]
[WhiteElo "2092"]
[BlackElo "1912"]
[PlyCount "117"]
[EventDate "2024.09.11"]
[WhiteTeam "Vietnam"]
[BlackTeam "Malaysia"]
[WhiteTeamCountry "VIE"]
[BlackTeamCountry "MAS"]

1. d4 e6 2. c4 f5 3. Nf3 Nf6 4. g3 d5 5. Bg2 c6 6. O-O Bd6 7. b3 Qe7 8. a4 a5 9. Ba3 Bxa3 10. Nxa3 O-O 11. Nc2 Ne4 12. Nce1 Bd7 13. Nd3 Be8 14. Nfe5 Nd7 15. Qc2 Rf6 $146 ({RR} 15... Nxe5 16. Nxe5 Bh5 17. Bxe4 fxe4 18. c5 Rf6 19. f3 exf3 20. exf3 Raf8 21. Qc3 Qc7 22. Rae1 Re8 23. Re3 Bg6 24. Kg2 h5 25. Rf2 Bf5 26. Re1 Ref8 27. Qd2 Rh6 28. h3 Qd8 29. b4 axb4 30. Qxb4 {1-0 Hodgson,J (2575)-Konarski,J Turnkey op rapid 1998 (4)}) ({RR} 15... Nxe5 16. Nxe5 Nd6 17. e3 Bh5 18. Rae1 Nf7 19. Nd3 Nd6 20. f3 g5 21. Qc3 Bg6 22. Ne5 Qg7 23. c5 Ne8 24. e4 fxe4 25. fxe4 Rxf1+ 26. Rxf1 Nf6 27. exd5 exd5 28. Qe3 Be4 29. Bxe4 dxe4 30. Rf5 {1-0 Akhmedzhanov,K (2317)-Genov,I (2134) Astrakhan Major Cup 2010 (1)}) 16. f3 Ng5 17. Nxd7 Qxd7 18. Qd2 h6 19. c5 Bh5 20. Rfb1 Nf7 21. b4 axb4 22. Rxb4 Nd8 23. e3 Qc7 24. Rb6 Be8 25. Bf1 Bd7 26. a5 Bc8 27. Ra3 Ra7 28. Qc3 h5 29. Rb2 Rh6 30. Qb4 Qe7 31. Ne5 h4 32. f4 hxg3 33. hxg3 Qe8 34. Qb6 Ra8 35. Rh2 Rxh2 36. Kxh2 Nf7 37. Nxf7 Kxf7 38. Kg2 Ke7 39. Be2 Qd8 40. Qb4 Kf7 41. Ra1 Qc7 42. Qe1 Qd8 43. Qh1 Qf6 44. Qh8 Ke7 45. Rh1 Qf8 46. Qxf8+ Kxf8 47. Rh8+ Ke7 48. a6 bxa6 49. Bxa6 Bb7 50. Rxa8 Bxa8 51. Kh3 Kf6 52. Bc8 g5 53. fxg5+ Kxg5 54. Bxe6 Bb7 55. Bd7 Kf6 56. Kg2 Kg5 57. Kf3 Kg6 58. Kf4 Kf6 59. Bxf5 1-0